<?xml version="1.0" encoding="UTF-8"?>
<record
    xmlns:xsi="http://www.w3.org/2001/XMLSchema-instance"
    xsi:schemaLocation="http://www.loc.gov/MARC21/slim http://www.loc.gov/standards/marcxml/schema/MARC21slim.xsd"
    xmlns="http://www.loc.gov/MARC21/slim">

  <leader>00694nam a22001577a 4500</leader>
  <datafield tag="999" ind1=" " ind2=" ">
    <subfield code="c">38482</subfield>
    <subfield code="d">38482</subfield>
  </datafield>
  <datafield tag="082" ind1=" " ind2=" ">
    <subfield code="a">RK.0342</subfield>
  </datafield>
  <datafield tag="100" ind1=" " ind2=" ">
    <subfield code="a">Kawadia, Ganesh</subfield>
    <subfield code="u">School of Economics, DAVV University.</subfield>
    <subfield code="v">Indore, Madhya Pradesh</subfield>
  </datafield>
  <datafield tag="245" ind1=" " ind2=" ">
    <subfield code="a">A study of Climate change and Agriculture in the catchment area of Chambal river /</subfield>
    <subfield code="c">Ganesh, Kawadia</subfield>
  </datafield>
  <datafield tag="260" ind1=" " ind2=" ">
    <subfield code="a">Indore, Madhya Pradesh:</subfield>
    <subfield code="b">Indian council of social science research,</subfield>
    <subfield code="c">2015.</subfield>
  </datafield>
  <datafield tag="300" ind1=" " ind2=" ">
    <subfield code="a">xii, 262p.</subfield>
    <subfield code="e">Contains DVD.</subfield>
  </datafield>
  <datafield tag="500" ind1=" " ind2=" ">
    <subfield code="a">Includes bibliography and appendices.</subfield>
  </datafield>
  <datafield tag="536" ind1=" " ind2=" ">
    <subfield code="a">Indian council of social science research</subfield>
  </datafield>
  <datafield tag="650" ind1=" " ind2=" ">
    <subfield code="a">Agriculture</subfield>
    <subfield code="x">Environmental impact</subfield>
    <subfield code="z">Madhya Pradesh</subfield>
  </datafield>
  <datafield tag="650" ind1=" " ind2=" ">
    <subfield code="a">Climate change</subfield>
    <subfield code="x">Environmental impact</subfield>
    <subfield code="z">Madhya Pradesh</subfield>
  </datafield>
  <datafield tag="942" ind1=" " ind2=" ">
    <subfield code="2">ddc</subfield>
    <subfield code="c">RP</subfield>
  </datafield>
  <datafield tag="952" ind1=" " ind2=" ">
    <subfield code="0">0</subfield>
    <subfield code="1">0</subfield>
    <subfield code="4">0</subfield>
    <subfield code="7">1</subfield>
    <subfield code="8">MRP</subfield>
    <subfield code="a">NASSDOC</subfield>
    <subfield code="b">NASSDOC</subfield>
    <subfield code="d">2023-06-19</subfield>
    <subfield code="e">Research Report Division</subfield>
    <subfield code="l">0</subfield>
    <subfield code="o">RK.0342</subfield>
    <subfield code="p">53758</subfield>
    <subfield code="r">2023-06-19 00:00:00</subfield>
    <subfield code="w">2023-06-19</subfield>
    <subfield code="y">RP</subfield>
  </datafield>
</record>
